000
00300nam a2200121Ia 4500
005
20251222144753.0
008
251222s9999||||xx |||||||||||||| ||spa||
082
_a
720.985/I59
245
0
_a
Patrimonio Monumental de Cajamarca:
250
_a
1ra.ed.
264
_b
Inc Editores Cajamarca
942
_c
LIB
999
_c
19417
_d
19417